[Event "Sparkassen Open A 2013"]
[Site "Dortmund GER"]
[Date "2013.08.02"]
[Round "7.3"]
[White "Schmittdiel, Eckhard"]
[Black "Webb, Laurence E"]
[Result "1/2-1/2"]
[WhiteTitle "GM"]
[BlackTitle "FM"]
[WhiteElo "2435"]
[BlackElo "2286"]
[WhiteFideId "4600096"]
[BlackFideId "402389"]
[EventDate "2013.07.27"]

1. Nf3 Nc6 2. d4 d5 3. c4 e5 4. cxd5 Qxd5 5. Nc3 Bb4 6. Bd2 Bxc3 7. Bxc3 e4 8.
Nd2 e3 9. fxe3 Nf6 10. Qb3 Be6 11. Qxd5 Bxd5 12. Rg1 O-O 13. g4 Rfe8 14. Rg3 Ne4
15. Nxe4 Bxe4 16. h4 Ne7 17. Bh3 Nd5 18. g5 Re7 19. Kf2 Rf8 20. Rag1 f5 21. Ke1
Re6 22. Bd2 Rc6 23. Kd1 Bc2+ 24. Ke1 Be4 25. Kd1 Bc2+ 26. Ke1 Be4 1/2-1/2

[Event "Sparkassen Open A 2013"]
[Site "Dortmund GER"]
[Date "2013.08.02"]
[Round "7.4"]
[White "Kartsev, Soel"]
[Black "Scheider, Julian"]
[Result "0-1"]
[WhiteElo "2223"]
[BlackElo "2305"]
[WhiteFideId "4130561"]
[BlackFideId "24601284"]
[EventDate "2013.07.27"]

1. e4 c6 2. d4 d5 3. Nc3 dxe4 4. Nxe4 Bf5 5. Ng3 Bg6 6. h4 h6 7. Nf3 Nd7 8. h5
Bh7 9. Bd3 Bxd3 10. Qxd3 e6 11. Bf4 Qa5+ 12. Bd2 Bb4 13. c3 Be7 14. c4 Qc7 15.
O-O-O Ngf6 16. Kb1 O-O 17. Ne4 b5 18. cxb5 cxb5 19. g4 Qc4 20. Qxc4 bxc4 21.
Nxf6+ Bxf6 22. g5 hxg5 23. Bxg5 Bxg5 24. Nxg5 Nf6 25. Rh3 Ng4 26. Rf3 Rad8 27.
Rf4 Nh6 28. Nf3 Rd5 29. Rc1 Rc8 30. Ne5 f6 31. Rxc4 Rxc4 32. Nxc4 Rxh5 33. b4
Rf5 34. Re4 Rxf2 35. Rxe6 Rf4 36. Kc2 Rxd4 37. Kc3 Rd7 38. b5 Kf7 39. Re1 Nf5
40. a4 Nd6 41. Nxd6+ Rxd6 42. a5 g5 43. Kc4 f5 44. Kc5 Rd2 45. b6 axb6+ 46. axb6
Rb2 47. Kc6 Rc2+ 48. Kd6 Rb2 49. Kc6 g4 50. Re5 Rc2+ 51. Kd6 Rb2 52. Kc6 Kf6 53.
Rb5 Rxb5 54. Kxb5 g3 55. b7 g2 56. b8=Q g1=Q 57. Kc4 Qg4+ 58. Kd3 Qe4+ 59. Kd2
f4 60. Qf8+ Kg5 61. Qg7+ Kh4 62. Qh8+ Kg3 63. Qg7+ Kf2 64. Kc3 f3 65. Qh8 Kg2
66. Qg7+ Kf1 67. Kd2 Qe2+ 68. Kc3 Qe3+ 69. Kc4 f2 70. Kb5 Ke1 71. Qa1+ Ke2 72.
Qb2+ Kf3 73. Qf6+ Kg2 74. Qg7+ Qg3 75. Qb2 Qb8+ 0-1

[Event "Sparkassen Open A 2013"]
[Site "Dortmund GER"]
[Date "2013.08.02"]
[Round "7.5"]
[White "Friedel, Marcus"]
[Black "Heinert, Eugen"]
[Result "1/2-1/2"]
[WhiteElo "2120"]
[BlackElo "2129"]
[WhiteFideId "4688708"]
[BlackFideId "24621390"]
[EventDate "2013.07.27"]

1. e4 e6 2. d4 d5 3. Nc3 Bb4 4. e5 c5 5. a3 Ba5 6. b4 cxd4 7. Nb5 Bc7 8. f4 Ne7
9. Nf3 Bd7 10. Nfxd4 a6 11. Nxc7+ Qxc7 12. Bb2 Nbc6 13. Bd3 Rc8 14. Qe2 Nxd4 15.
Bxd4 Nf5 16. Bb2 Qb6 17. Qf2 Qxf2+ 18. Kxf2 Bb5 19. Bxf5 exf5 20. Rac1 Rc4 21.
g3 Ke7 22. Rhd1 Ke6 23. Bd4 Rhc8 24. c3 g6 25. Ke3 h5 26. h4 R4c6 27. Ra1 Ba4
28. Rd2 Rh8 29. Rb2 Rh7 30. Rc1 Rg7 31. Rd2 Rg8 32. Bc5 Re8 33. Bd4 Rd8 34. Rb2
Rdc8 35. Kd2 Ra8 36. Ke3 Rb8 37. Kd2 Bb5 38. Ra1 Ba4 39. Rc1 Rbc8 40. Ra1 R6c7
41. Rc1 Bd7 42. Ra1 b5 43. Rbb1 Ra8 44. Kc2 Rc6 45. Kb2 a5 46. Rd1 1/2-1/2

[Event "Sparkassen Open A 2013"]
[Site "Dortmund GER"]
[Date "2013.08.02"]
[Round "7.6"]
[White "Jesse, Ingemars"]
[Black "Imcke, Patrick"]
[Result "0-1"]
[WhiteTitle "FM"]
[WhiteElo "2320"]
[BlackElo "1962"]
[WhiteFideId "11602724"]
[BlackFideId "4622502"]
[EventDate "2013.07.27"]

1. c4 e5 2. g3 Nf6 3. Bg2 d5 4. cxd5 Nxd5 5. Nc3 Nb6 6. Nf3 Nc6 7. Rb1 f6 8. O-O
Be6 9. a3 Be7 10. b4 a5 11. b5 Nd4 12. e3 Nxf3+ 13. Qxf3 Rb8 14. d4 exd4 15.
exd4 O-O 16. Re1 Bf7 17. Ne4 Re8 18. Rd1 Bd5 19. Qg4 Bf8 20. Re1 g6 21. Qd1 f5
22. Bg5 Be7 23. Nf6+ Bxf6 24. Rxe8+ Qxe8 25. Bxf6 Bxg2 26. Kxg2 Qe4+ 27. Kg1 Nd5
28. Qb3 a4 29. Qa2 Kf8 30. Bg5 Nc3 31. Bh6+ Ke7 32. Bg5+ Kd6 33. Bf4+ Qxf4 34.
Qc4 Qe4 0-1

[Event "Sparkassen Open A 2013"]
[Site "Dortmund GER"]
[Date "2013.08.02"]
[Round "7.7"]
[White "Schoder, Volker"]
[Black "Torres-Kuckel, Rafael"]
[Result "0-1"]
[BlackTitle "FM"]
[WhiteElo "2095"]
[BlackElo "2269"]
[WhiteFideId "24602213"]
[BlackFideId "4625072"]
[EventDate "2013.07.27"]

1. d4 Nf6 2. c4 g6 3. Nc3 Bg7 4. e4 d6 5. f3 O-O 6. Be3 c6 7. Nge2 Nbd7 8. Nc1
e5 9. d5 cxd5 10. cxd5 Ne8 11. Be2 Bh6 12. Bxh6 Qh4+ 13. g3 Qxh6 14. Qd2 Qg7 15.
Nd3 f5 16. O-O-O a6 17. g4 fxg4 18. fxg4 Nb6 19. Rdf1 Bd7 20. Rxf8+ Qxf8 21. h4
Rc8 22. Kb1 Nc4 23. Qg5 Qf6 24. Qc1 b5 25. g5 Qe7 26. h5 a5 27. hxg6 hxg6 28.
Qg1 b4 29. Qh2 Qg7 30. Nd1 Nd2+ 31. Ka1 Nxe4 32. Ne3 Nxg5 33. Rg1 Nh7 34. Bh5 g5 0-1

[Event "Sparkassen Open A 2013"]
[Site "Dortmund GER"]
[Date "2013.08.02"]
[Round "7.9"]
[White "Meyer, Juergen1"]
[Black "Kartsev, Alexandr"]
[Result "1-0"]
[WhiteElo "2075"]
[BlackElo "2247"]
[WhiteFideId "4623878"]
[BlackFideId "24647110"]
[EventDate "2013.07.27"]

1. e4 c6 2. d4 d5 3. Nd2 dxe4 4. Nxe4 Bf5 5. Ng3 Bg6 6. h4 h6 7. Nf3 Nd7 8. h5
Bh7 9. Bd3 Bxd3 10. Qxd3 e6 11. Bd2 Ngf6 12. Ne4 Be7 13. O-O-O O-O 14. Kb1 Nxe4
15. Qxe4 Nf6 16. Qe2 Qd5 17. Be3 Ng4 18. Bf4 Qf5 19. Be5 Rad8 20. Bc7 Rd7 21.
Ne5 Rxc7 22. Nxg4 Rd7 23. Rh3 Rfd8 24. Rg3 Bg5 25. Ne3 Qf4 26. Rg4 Qf6 27. c3 c5
28. f4 Bxf4 29. Rf1 cxd4 30. Rfxf4 d3 31. Qd2 Qe5 32. Rh4 Qc5 33. Rc4 Qg5 34.
Rcd4 e5 35. Rdg4 Qf6 36. Rh3 Qe6 37. Rhg3 f6 38. Rg6 Kf8 39. c4 Qb6 40. a3 a5
41. Nd5 Qg1+ 42. Ka2 Qc5 43. Rxf6+ Kg8 44. Qxd3 b5 45. Rxh6 Qxc4+ 46. Qxc4 bxc4
47. Nf6+ Kf7 48. Nxd7 gxh6 49. Nxe5+ Ke6 50. Nxc4 a4 51. Rg6+ Kf5 52. Nd6+ Kf4
53. Rxh6 Rb8 54. Rg6 Ke3 55. h6 Kd3 56. h7 Kc2 57. Nc4 Rh8 58. Rh6 Kd3 59. Ne5+
Kc2 60. Nf7 Rb8 61. h8=Q 1-0

[Event "Sparkassen Open A 2013"]
[Site "Dortmund GER"]
[Date "2013.08.02"]
[Round "7.10"]
[White "Steinle, Carsten"]
[Black "Begna, Bozidar"]
[Result "0-1"]
[WhiteElo "2229"]
[BlackElo "2042"]
[WhiteFideId "24676462"]
[BlackFideId "4633555"]
[EventDate "2013.07.27"]

1. d4 Nf6 2. Bf4 c5 3. c3 Qb6 4. Qc2 cxd4 5. cxd4 Nc6 6. e3 d6 7. Nf3 g6 8. Nc3
Bg7 9. Bc4 O-O 10. O-O Bf5 11. Qe2 Rac8 12. Rac1 Be4 13. Bg5 Bxf3 14. gxf3 Qa5
15. f4 Qf5 16. Bd3 Qh3 17. Ne4 Ng4 18. f3 Nxe3 19. Rxc6 Rxc6 20. Qxe3 f6 21. Nf2
Qh5 22. Qe6+ Kh8 23. Qxe7 fxg5 24. fxg5 Rcc8 25. Be4 Bxd4 26. Kg2 Rce8 27. Qxd6
Qxg5+ 28. Ng4 Bg7 29. h4 Qd8 30. Qg3 Qd2+ 31. Rf2 Qd1 32. Ne3 Qd4 33. Ng4 Rxe4 0-1

[Event "Sparkassen Open A 2013"]
[Site "Dortmund GER"]
[Date "2013.08.02"]
[Round "7.12"]
[White "Huckebrink, Chris"]
[Black "Schiefelbusch, Dirk"]
[Result "1/2-1/2"]
[WhiteElo "2034"]
[BlackElo "2133"]
[WhiteFideId "12900320"]
[BlackFideId "4694139"]
[EventDate "2013.07.27"]

1. e4 c6 2. d4 d5 3. e5 Bf5 4. g4 Be4 5. f3 Bg6 6. Nh3 e6 7. Nf4 Qh4+ 8. Ke2 c5
9. c3 Nc6 10. Be3 Qd8 1/2-1/2

[Event "Sparkassen Open A 2013"]
[Site "Dortmund GER"]
[Date "2013.08.02"]
[Round "7.13"]
[White "Krueger, Andre"]
[Black "Zolfagharian, Kevin"]
[Result "1-0"]
[WhiteElo "2120"]
[BlackElo "2010"]
[WhiteFideId "4665040"]
[BlackFideId "12933570"]
[EventDate "2013.07.27"]

1. c4 e5 2. Nc3 f5 3. Nf3 Nc6 4. d4 exd4 5. Nxd4 d6 6. g3 Nf6 7. Nxc6 bxc6 8.
Bg2 Bd7 9. Qa4 d5 10. cxd5 cxd5 11. Qa5 c6 12. Qxd8+ Rxd8 13. Be3 a6 14. O-O Bd6
15. Na4 Rb8 16. b3 O-O 17. Bc5 Bxc5 18. Nxc5 Bc8 19. Rac1 Re8 20. e3 a5 21. Rfd1
Nd7 22. Rd4 Rb5 23. Na4 Bb7 24. Bf1 Rb4 25. Rd2 Ne5 26. Be2 Ba6 27. Kg2 Bxe2 28.
Rxe2 Rg4 29. Rd2 Rg6 30. h3 Nd7 31. Rdc2 Ne5 32. Rc3 Rc8 33. R1c2 Nd7 34. Nc5
Nb6 35. Nb7 a4 36. Na5 axb3 37. axb3 Rd6 38. Rxc6 Rdxc6 39. Rxc6 Rxc6 40. Nxc6
Kf7 41. Kf3 Kf6 42. Ke2 Nd7 43. b4 g6 44. Kd3 Ke6 45. Kd4 Kd6 46. Na7 Nf6 47.
Nb5+ Kc6 48. Nc3 Kd6 49. b5 h6 50. f3 Nh5 51. g4 fxg4 52. fxg4 Nf6 53. b6 Kc6
54. Nxd5 Ng8 55. Ke5 1-0

[Event "Sparkassen Open A 2013"]
[Site "Dortmund GER"]
[Date "2013.08.02"]
[Round "7.14"]
[White "Buckels, Valentin"]
[Black "Zweschper, Erich"]
[Result "0-1"]
[WhiteElo "1975"]
[BlackElo "2116"]
[WhiteFideId "12942766"]
[BlackFideId "4643119"]
[EventDate "2013.07.27"]

1. d4 c5 2. d5 e5 3. e4 d6 4. Bb5+ Nd7 5. a4 Ne7 6. Nf3 Ng6 7. Nc3 Be7 8. O-O
O-O 9. Nd2 a6 10. Be2 b6 11. Nc4 Nf6 12. Ne3 Rb8 13. f3 Qd7 14. Nf5 Bd8 15. Bd3
Ne8 16. Qe1 Kh8 17. Qg3 b5 18. axb5 axb5 19. h4 c4 20. Be2 Ne7 21. Nxe7 Qxe7 22.
Bg5 Bb6+ 23. Kh2 f6 24. Bd2 Bd7 25. f4 Rg8 26. fxe5 dxe5 27. Be3 Nd6 28. Bxb6
Rxb6 29. Qe3 Rbb8 30. Ra7 Rgc8 31. Bg4 f5 32. exf5 Rb7 33. Rxb7 Nxb7 34. Qa7
Qxh4+ 35. Bh3 Nc5 36. d6 e4 37. Nd5 e3 38. Nxe3 Qd4 39. Re1 Qxd6+ 40. Kg1 Re8
41. Rd1 Qe7 42. Nf1 Rd8 43. Rd5 Ne4 44. Rxb5 Qd6 45. Rb7 Nc5 46. Rc7 Na6 47.
Rxc4 Bb5 48. Rg4 Rd7 49. Qf2 Nc7 50. c4 Bc6 51. Rg3 Rd8 52. Ra3 Ne8 53. Ra7 Nf6
54. Qe3 h6 55. Kh1 Re8 56. Qg3 Qf8 57. Rc7 Ba8 0-1

[Event "Sparkassen Open A 2013"]
[Site "Dortmund GER"]
[Date "2013.08.02"]
[Round "7.15"]
[White "Koenig, Christian"]
[Black "Simanowski, Mio"]
[Result "1-0"]
[WhiteElo "2114"]
[BlackElo "1864"]
[WhiteFideId "4656997"]
[BlackFideId "24687154"]
[EventDate "2013.07.27"]

1. e4 e5 2. Nf3 Nc6 3. Bc4 Bc5 4. c3 d6 5. O-O Nf6 6. d3 h6 7. Nbd2 O-O 8. Re1
Bg4 9. h3 Bh5 10. Nf1 Nh7 11. g4 Bg6 12. Ng3 Qf6 13. h4 Kh8 14. b4 Bb6 15. a4 a6
16. Kg2 Qe7 17. h5 f5 18. hxg6 fxg4 19. Nf5 gxf3+ 20. Qxf3 Rxf5 21. exf5 Nf6 22.
Rh1 Ng8 23. Rh5 Qf8 24. Bxg8 Kxg8 25. Qd5+ Kh8 26. Bxh6 gxh6 27. Rah1 Kg7 28.
Rxh6 Qg8 29. Rh7+ Kf6 30. Rf7+ Kg5 31. Qf3 Qxf7 32. gxf7 Kf6 33. Rh6+ Ke7 34.
f6+ Kxf7 35. Qd5+ 1-0

[Event "Sparkassen Open A 2013"]
[Site "Dortmund GER"]
[Date "2013.08.02"]
[Round "7.16"]
[White "Schorra, Helmut"]
[Black "Giraud, Valerian"]
[Result "1-0"]
[WhiteElo "2083"]
[BlackElo "1955"]
[WhiteFideId "4648692"]
[BlackFideId "12920355"]
[EventDate "2013.07.27"]

1. c4 Nf6 2. Nc3 g6 3. g3 Bg7 4. Bg2 O-O 5. d3 c5 6. Bg5 Nc6 7. Qd2 d6 8. Nf3 a6
9. O-O Rb8 10. a4 Bg4 11. h3 Bxf3 12. exf3 Nd4 13. Rab1 Qa5 14. Rfe1 e6 15. g4
Qc7 16. Ne2 Nd7 17. Nxd4 Bxd4 18. f4 b5 19. axb5 axb5 20. f5 Ne5 21. Bh6 Rfe8
22. fxg6 fxg6 23. b3 Qf7 24. Qe2 bxc4 25. bxc4 Rb4 26. Bd2 Rxb1 27. Rxb1 Rf8 28.
Be3 Bxe3 29. fxe3 Qa7 30. Rb7 Qa1+ 31. Kh2 Rf7 32. Rb6 Qc3 33. Be4 Nxc4 34. Rb8+
Kg7 35. Bxg6 hxg6 36. dxc4 d5 37. Rc8 Rb7 38. Qf3 Qe5+ 39. Qf4 Qxf4+ 40. exf4 d4
41. Kg2 Rd7 42. Kf2 Rf7 43. Rxc5 Rxf4+ 44. Ke2 Kf6 45. g5+ Ke7 46. Rc7+ Kd6 47.
Rg7 Kc5 48. Rxg6 e5 49. Rf6 Kxc4 50. Rxf4 exf4 51. g6 d3+ 52. Kd2 f3 53. g7 1-0

[Event "Sparkassen Open A 2013"]
[Site "Dortmund GER"]
[Date "2013.08.02"]
[Round "7.19"]
[White "Agrest, Inna"]
[Black "Melmer, Felix"]
[Result "1-0"]
[WhiteTitle "WIM"]
[WhiteElo "2193"]
[BlackElo "2024"]
[WhiteFideId "1708830"]
[BlackFideId "24671878"]
[EventDate "2013.07.27"]

1. e4 c5 2. Nf3 Nc6 3. d4 cxd4 4. Nxd4 g6 5. Nc3 Bg7 6. Be3 Nf6 7. Bc4 O-O 8.
Bb3 a5 9. O-O a4 10. Nxa4 Nxe4 11. Nb5 d5 12. Bb6 Qd7 13. Nc7 Rxa4 14. Bxa4 Bxb2
15. Qxd5 Bxa1 16. Qxe4 Be5 17. Bxc6 Qxc6 18. Qxe5 Qxb6 19. Nd5 f6 20. Nxe7+ Kg7
21. Nxc8 Rxc8 22. Qe7+ Kg8 23. Rd1 Qc6 24. Rd7 1-0

[Event "Sparkassen Open A 2013"]
[Site "Dortmund GER"]
[Date "2013.08.02"]
[Round "7.22"]
[White "Kuckling, Hannah"]
[Black "Bramkamp, Rainer"]
[Result "1-0"]
[WhiteElo "1953"]
[BlackElo "2081"]
[WhiteFideId "24603660"]
[BlackFideId "4667298"]
[EventDate "2013.07.27"]

1. e4 c6 2. d4 d5 3. Nd2 dxe4 4. Nxe4 Nf6 5. Nxf6+ exf6 6. Nf3 Bd6 7. Be2 O-O 8.
O-O Re8 9. Re1 Nd7 10. c4 Nf8 11. Bd2 Bg4 12. Bc3 Ng6 13. h3 Bd7 14. Qc2 Nf4 15.
Bf1 Qc7 16. Qd2 Rxe1 17. Rxe1 Re8 18. Rxe8+ Bxe8 19. Qe3 Bd7 20. Bd2 Qc8 21. Ne1
Qe8 22. Qxe8+ Bxe8 23. Nd3 Nxd3 24. Bxd3 Bd7 25. Kf1 f5 26. Ke2 Kf8 27. Kd1 Ke7
28. Kc2 f6 29. Kb3 g5 30. Bb4 h6 31. Kc3 Bxb4+ 32. Kxb4 Kd6 33. Kc3 f4 34. b4 h5
35. a4 f3 36. Be4 fxg2 37. Bxg2 h4 38. Kd3 g4 39. hxg4 Bxg4 40. Ke3 h3 41. Bh1
Be6 42. c5+ Kc7 43. Kf4 b6 44. Kg3 bxc5 45. dxc5 Bd7 46. Bf3 a5 47. bxa5 Kb7 48.
Be2 Ka7 49. Bf1 Be6 50. Bxh3 Bb3 51. Kf4 Ka6 52. Kf5 Kxa5 53. Kxf6 Kb4 54. a5
Kxc5 55. a6 Kb6 56. Bf1 c5 57. Ke5 Bf7 58. f4 Ka7 59. f5 Kb6 60. f6 Ka7 61. Ke4
Bg8 62. Ke3 Kb6 63. Kd2 1-0

[Event "Sparkassen Open A 2013"]
[Site "Dortmund GER"]
[Date "2013.08.02"]
[Round "7.24"]
[White "Scheck, Kyrill"]
[Black "Biermann, Florian"]
[Result "1-0"]
[WhiteElo "2070"]
[BlackElo "1807"]
[WhiteFideId "1271861"]
[BlackFideId "2812630"]
[EventDate "2013.07.27"]

1. e4 c5 2. Nf3 g6 3. d4 cxd4 4. Nxd4 Nc6 5. Be3 Nf6 6. Nc3 Bg7 7. Bc4 Qa5 8.
O-O O-O 9. Nd5 Nxd5 10. exd5 Ne5 11. Nb3 Qa4 12. Be2 d6 13. Bd4 Bf5 14. f4 Nd7
15. Bxg7 Kxg7 16. Nd4 Nf6 17. Nxf5+ gxf5 18. c4 Qxd1 19. Raxd1 Rac8 20. Bd3 e6
21. b3 Rc5 22. dxe6 fxe6 23. Be2 d5 24. Rd4 dxc4 25. Rxc4 Rfc8 26. Rfc1 Rxc4 27.
bxc4 Rd8 28. Bf3 b6 29. c5 Rc8 30. c6 Kf7 31. c7 Ne8 32. Bc6 Ke7 33. Bxe8 Kxe8
34. Rc3 Kf7 35. Rh3 Kg6 36. Rc3 Kf6 37. Kf2 b5 38. Ke3 Ke7 39. Rc5 b4 40. Kd4
Kd6 41. Kc4 Rxc7 42. Rxc7 Kxc7 43. Kxb4 Kd6 44. Kb5 e5 45. fxe5+ Kxe5 46. Ka6 f4
47. Kxa7 Kd4 48. Kb6 Ke3 49. a4 Kf2 50. a5 Kxg2 51. a6 h5 52. a7 h4 53. a8=Q+
Kh3 54. Qf3+ Kxh2 55. Qxf4+ Kh1 56. Qf3+ Kh2 57. Qg4 1-0

[Event "Sparkassen Open A 2013"]
[Site "Dortmund GER"]
[Date "2013.08.02"]
[Round "7.25"]
[White "Vogt, Marc Jonas"]
[Black "Zimmermann, Dirk"]
[Result "1-0"]
[WhiteElo "1893"]
[BlackElo "2050"]
[WhiteFideId "24695661"]
[BlackFideId "4677498"]
[EventDate "2013.07.27"]

1. e4 d6 2. d4 Nf6 3. Nc3 g6 4. f4 Bg7 5. Nf3 O-O 6. Bd3 Nc6 7. O-O e5 8. dxe5
dxe5 9. fxe5 Nxe5 10. Nxe5 Qd4+ 11. Kh1 Qxe5 12. Bf4 Qc5 13. Qd2 Nh5 14. Be3 Qe5
15. Rf2 Be6 16. Raf1 c5 17. Qe2 Rac8 18. Bc4 Bxc4 19. Qxc4 Qe6 20. Nd5 b5 21.
Qxb5 Qxe4 22. Qb7 Kh8 23. Rxf7 Rfd8 24. Bh6 Qe5 25. Bxg7+ Nxg7 26. Qxc8 Ne6 27.
Nf6 1-0

[Event "Sparkassen Open A 2013"]
[Site "Dortmund GER"]
[Date "2013.08.02"]
[Round "7.26"]
[White "Algars, Olle"]
[Black "Bausch, Thomas"]
[Result "1/2-1/2"]
[WhiteElo "2090"]
[BlackElo "1969"]
[WhiteFideId "1702513"]
[BlackFideId "24611115"]
[EventDate "2013.07.27"]

1. Nf3 d6 2. c4 c5 3. g3 Nc6 4. Bg2 g6 5. d4 cxd4 6. Nxd4 Bd7 7. b3 Bg7 8. Bb2
Nf6 9. O-O O-O 10. Nc3 Rc8 11. Qd2 a6 12. Rfd1 Qb6 13. Rac1 Nxd4 14. Qxd4 Qxd4
15. Rxd4 Bc6 16. Rd2 Bxg2 17. Kxg2 Rc6 18. Rcd1 Rb8 19. Rc1 Rbc8 20. Rcd1 Rb8
21. Rc1 b5 22. Nd5 Nxd5 23. cxd5 Rxc1 24. Bxc1 Rc8 25. Bb2 Bxb2 26. Rxb2 Kg7 27.
Kf3 f5 28. Ke3 Kf6 29. Kd4 Rc1 30. Rd2 g5 31. f4 b4 32. Ke3 gxf4+ 33. gxf4 Rh1
34. Kd3 Rxh2 35. Kc4 a5 36. Kb5 Rf2 37. Kxa5 Rxf4 38. a4 h5 39. Kb6 h4 40. a5 h3
41. e3 Rh4 42. Rh2 Kg5 43. a6 Kg4 44. a7 Rh8 45. Kb7 Kg3 46. Rh1 h2 47. Rc1 Kg2
48. Rc2+ Kg3 49. Rc1 Kf3 50. a8=Q Rxa8 51. Kxa8 Kg2 52. Kb7 h1=Q 53. Rxh1 Kxh1
54. Kc7 Kg2 55. Kd7 Kf3 56. Kxe7 Kxe3 57. Kxd6 f4 58. Kc6 f3 59. d6 f2 60. d7
f1=Q 61. d8=Q Qf4 62. Qd5 Qf8 63. Kb5 Qb8+ 64. Ka4 Qa7+ 65. Kxb4 Qb6+ 66. Ka3
Qa7+ 67. Kb2 Qg7+ 68. Kc2 Qc7+ 69. Kd1 Qa7 70. Qd2+ Ke4 71. Qe2+ Kf4 72. Kc2 Qa1
73. Qc4+ Kf5 74. Qf7+ Ke4 75. Qe6+ Kf4 76. b4 Qa4+ 77. Qb3 Qb5 78. Qf7+ Ke4 79.
Qe6+ Kd4 80. Qg4+ Ke3 81. Qg1+ Ke4 82. Qg4+ Ke3 1/2-1/2

[Event "Sparkassen Open A 2013"]
[Site "Dortmund GER"]
[Date "2013.08.02"]
[Round "7.27"]
[White "Nepveu, Manuel"]
[Black "Businger, Paul"]
[Result "0-1"]
[WhiteElo "1955"]
[BlackElo "2073"]
[WhiteFideId "1006339"]
[BlackFideId "1306111"]
[EventDate "2013.07.27"]

1. Nf3 Nf6 2. c4 g6 3. Nc3 Bg7 4. e4 d6 5. d4 O-O 6. Be2 Nc6 7. d5 Ne5 8. Nxe5
dxe5 9. O-O e6 10. Be3 exd5 11. cxd5 Qe7 12. f3 Bd7 13. Bb5 Rfd8 14. Qb3 b6 15.
Rac1 a6 16. Bxd7 Rxd7 17. Qa4 Qd8 18. Rf2 Ne8 19. Rfc2 Bf8 20. Qc6 Bd6 21. Nd1
Rb8 22. Qc4 Ra8 23. Nf2 f5 24. exf5 gxf5 25. Nd3 Qf6 26. f4 e4 27. Nf2 h5 28.
Nh3 Ng7 29. Ng5 h4 30. Kh1 Nh5 31. Ne6 Qh6 32. Qc6 Rad8 33. Nxd8 Rxd8 34. Rf2
Kh7 35. Kg1 a5 36. a4 Qg7 37. Qc3 Qg4 38. h3 Qg6 39. Kf1 Rg8 40. Ke2 Ng3+ 41.
Ke1 Bb4 0-1

[Event "Sparkassen Open A 2013"]
[Site "Dortmund GER"]
[Date "2013.08.02"]
[Round "7.31"]
[White "Armbruester, Juergen"]
[Black "Nielsen, Frode B."]
[Result "0-1"]
[WhiteElo "1954"]
[BlackElo "2015"]
[WhiteFideId "24681229"]
[BlackFideId "1405721"]
[EventDate "2013.07.27"]

1. e4 e5 2. Nf3 Nc6 3. Bb5 a6 4. Ba4 Nf6 5. O-O Nxe4 6. d4 b5 7. Bb3 d5 8. Nxe5
Nxe5 9. dxe5 Be6 10. c3 Bc5 11. Nd2 O-O 12. Qe2 Bf5 13. Nf3 Re8 14. Bf4 Qd7 15.
Qd1 c6 16. Bc2 Rad8 17. h3 Bxh3 18. gxh3 Qxh3 19. Nh2 g5 20. Qg4 Qxg4+ 21. Nxg4
gxf4 22. Bxe4 dxe4 23. Nf6+ Kg7 24. Nxe8+ Rxe8 25. Kg2 f3+ 26. Kg3 Rxe5 27. Kf4
Bd6 28. a4 f5 29. axb5 Kf6 30. Ke3 Bc5+ 31. Kd2 Bxf2 32. bxa6 Ba7 33. Kc2 f2 34.
Kd2 f4 35. Ke2 f3+ 36. Kd1 e3 0-1

[Event "Sparkassen Open A 2013"]
[Site "Dortmund GER"]
[Date "2013.08.02"]
[Round "7.32"]
[White "Rolf, Marco"]
[Black "Ciornei, Dragos"]
[Result "1/2-1/2"]
[WhiteElo "1932"]
[BlackElo "2205"]
[WhiteFideId "24691143"]
[BlackFideId "4619200"]
[EventDate "2013.07.27"]

1. e4 e5 2. Nf3 Nc6 3. Bc4 Nf6 4. Ng5 d5 5. exd5 b5 6. Bf1 Nd4 7. c3 Nxd5 8.
cxd4 Qxg5 9. Bxb5+ Kd8 10. O-O Bb7 11. Qf3 Rb8 12. Qg3 Qxg3 13. fxg3 Nf6 14. Bc4
exd4 15. d3 Ba8 16. Nd2 Bd6 17. Nb3 Re8 18. Bf4 Re2 19. Rf2 Rxf2 20. Kxf2 Ng4+
21. Kg1 Bxf4 22. gxf4 Ne3 23. g3 a5 24. Rb1 Nxc4 25. dxc4 d3 26. Kf2 Be4 27. Ke3
f5 28. Nc5 a4 29. Nxa4 Ke7 30. b3 Kd6 31. Nc3 Re8 32. Kd2 Kc5 33. a3 c6 34. Rc1
Kd4 35. b4 h5 36. a4 h4 37. Rf1 hxg3 38. hxg3 Kxc4 39. b5 cxb5 40. axb5 Kd4 41.
Ra1 Kc5 42. Ra4 Re6 1/2-1/2

[Event "Sparkassen Open A 2013"]
[Site "Dortmund GER"]
[Date "2013.08.02"]
[Round "7.33"]
[White "Hecht, Carsten"]
[Black "Hassler, Rolf"]
[Result "1-0"]
[WhiteElo "2087"]
[BlackElo "1887"]
[WhiteFideId "24693928"]
[BlackFideId "4638255"]
[EventDate "2013.07.27"]

1. e4 e6 2. d4 d5 3. Nc3 Be7 4. Nf3 b6 5. Bd3 Ba6 6. Bxa6 Nxa6 7. exd5 exd5 8.
O-O Nf6 9. Qe2 Nb8 10. Re1 a6 11. Bg5 Nc6 12. Bxf6 gxf6 13. Qd3 Qd7 14. Nh4 Kd8
15. a3 Kc8 16. Nf5 Bd6 17. Qf3 Rd8 18. h3 Bf8 19. Rad1 Kb8 20. Ne3 Ne7 21. Qxf6
c6 22. Ng4 Ng6 23. Ne5 Nxe5 24. Rxe5 Bd6 25. Rh5 Be7 26. Qxf7 Rf8 27. Qxh7 Qd6
28. Re1 Ra7 29. Qh6 Qd7 30. Rhe5 Bd6 31. Re6 Bc7 32. Qxf8+ 1-0

[Event "Sparkassen Open A 2013"]
[Site "Dortmund GER"]
[Date "2013.08.02"]
[Round "7.34"]
[White "Stoer, Agnes"]
[Black "Werrn, Pascal"]
[Result "0-1"]
[WhiteElo "1869"]
[BlackElo "1970"]
[WhiteFideId "1270593"]
[BlackFideId "4670035"]
[EventDate "2013.07.27"]

1. c4 Nf6 2. Nc3 e6 3. d4 c5 4. Nf3 b6 5. g3 cxd4 6. Nxd4 Bb7 7. Nf3 a6 8. Bg2
Be7 9. O-O O-O 10. Bf4 d6 11. Qc2 Qc7 12. Rfd1 Nbd7 13. Nd2 Bxg2 14. Kxg2 Qb7+
15. Kg1 Rac8 16. Rac1 b5 17. cxb5 axb5 18. Qd3 b4 19. Qb5 Nc5 20. Qxb7 Nxb7 21.
Nb5 Nd5 22. e4 Nxf4 23. gxf4 Nc5 24. Nc4 Nxe4 25. Ncxd6 Rxc1 0-1

[Event "Sparkassen Open A 2013"]
[Site "Dortmund GER"]
[Date "2013.08.02"]
[Round "7.36"]
[White "Sherif, Amina"]
[Black "Simon, Thomas"]
[Result "1-0"]
[WhiteElo "1641"]
[BlackElo "1938"]
[WhiteFideId "12911690"]
[BlackFideId "24645990"]
[EventDate "2013.07.27"]

1. e4 e6 2. d4 d5 3. Nd2 dxe4 4. Nxe4 Nc6 5. Nf3 Nf6 6. Bd3 Be7 7. O-O O-O 8. c3
h6 9. Re1 b6 10. Bc2 Ba6 11. h3 Bd6 12. Nxd6 cxd6 13. Bf4 Rc8 14. Rc1 Na5 15.
Bb1 Nc6 16. Qd2 e5 17. Bxh6 Nxd4 18. cxd4 gxh6 19. Rxc8 Bxc8 20. Qxh6 Re8 21.
Ng5 e4 22. Nxe4 Nxe4 23. Rxe4 d5 24. Qh7+ Kf8 25. Qh8# 1-0